| 000 | 00462nam a2200181Ia 4500 | ||
|---|---|---|---|
| 005 | 20250508161615.0 | ||
| 008 | 008 250505s9999 xx 000 0 hin d | ||
| 037 | _aTextual | ||
| 040 |
_aFEDL _beng _cFEDL |
||
| 041 |
_ahin _2hin |
||
| 084 |
_aFH, ZAD _qFEDL |
||
| 100 |
_aZadi Kudsiya _9771037 |
||
| 245 | 0 | _aSitara | |
| 260 |
_aDelhi, India _bAtmaram and Sons _c1956 |
||
| 300 | _a28p. | ||
| 942 |
_cTEXL _hFH, ZAD |
||
| 999 |
_c1371091 _d1371091 |
||